| 000 | 00771nam a22002057a 4500 | ||
|---|---|---|---|
| 999 |
_c8338 _d8338 |
||
| 003 | AR-CdUCM | ||
| 008 | 190322b ||||| |||| 00| 0 spa d | ||
| 040 |
_aMUNICIPALIDAD PROVINCIAL DEL CUSCO _cBIBLIOTECA MUNICIPAL DEL CUSCO |
||
| 082 |
_a510.8 / _bA47 |
||
| 100 |
_aAllendoerfer, Carl B. _923402 |
||
| 245 | _aIntroducción moderna a la matemática superior / | ||
| 260 |
_aMadrid : _bDel castillo, _c1968. |
||
| 300 |
_a553 paginas ; _c24 cm. |
||
| 505 | _aContenido :Equivalencia -- Adición de números reales -- Números racionales -- Números complejos -- Inducción matemática ... | ||
| 650 |
_aMatemáticas superiores _923403 |
||
| 650 |
_aCiencias aplicadas _920077 |
||
| 700 |
_aGutiérrez Vázquez, Santiago _923404 |
||
| 942 |
_2ddc _cLIBROS |
||
| 945 | _arum | ||